000 00361nam a22001457a 4500
008 230316b ||||| |||| 00| 0 eng d
020 _a0721662706
041 _aeng
080 _2SECOND EDITION
_a616.073
082 _a616.073MES
100 _a12
101 _aRADIOLO
245 _aRADIOGRAPHIC POSITIONING AND RELATED ANATOMY
_cMESCHAN I
942 _2udc
_cBK
999 _c59366
_d59366